000 00519nam a2200181Ia 4500
008 180207s9999 xx 000 0 und d
020 _a9780448420707
050 _bG745 1999
100 _aGramatky, Hardie.
245 _aLittle toot :
245 _band the lighthouse /
245 _cHardie Gramatky ; story concept by Linda Gramatky-Smith ; illustrated by Mark Weber.
260 _aNew York :
260 _bGrosset & Dunlap, Inc.,
260 _c1999
300 _aunpaged :
300 _bcolor illustration ;
999 _c355098
_d355098